ბათუმის შოთა რუსთაველის სახელმწიფო უნივერსიტეტის ბიბლიოთეკა

საინჟინრო გეოდეზია : 10 ნაწილად. ნაწ. 1 : სამყაროს ფიზიკური და გეომეტრიული ელემენტები / (ბიბ.ჩანაწერი № 37668)

000 -ლიდერი
ფიქსირებული სიგრძის საკონტროლო ველი 01044nam a2200229Ia 4500
001 - საკონტროლო ნომერი
საკონტროლო ველი 3640
003 - საკონტროლო ნომრის იდენტიფიკატორი
საკონტროლო ველი GE_BSU
005 - ბოლო ოპერაციის თარიღი და დრო
საკონტროლო ველი 20190520160639.0
008 - ფიქსირებული სიგრძის მონაცემთა ელემენტები - ზოგადი ინფორმაცია
ფიქსირებული სიგრძის საკონტროლო ველი 181216s1974|||| |||||||||||||| ||geo||
040 ## - კატალოგიზაციის წყარო
Transcribing agency GE_BSU
041 ## - ენის კოდი
Language code of text/sound track or separate title geo
080 ## - უნივერსალური ათობითი კლასიფიკაციის ინდექსი
Universal Decimal Classification number 528.48(075.8):622.1 თ–40
100 ## - მთავარი ჩანაწერი - პიროვნების სახელი
Personal name თევზაძე,ნ
9 (RLIN) 1425
245 ## - ცნობა სათაურის შესახებ
Title საინჟინრო გეოდეზია : 10 ნაწილად. ნაწ. 1 : სამყაროს ფიზიკური და გეომეტრიული ელემენტები /
Statement of responsibility, etc ნ. თევზაძე ; რედ : პ.ლაბარტყავა.
264 ## - წარმოების, გამოცემის, დისტრიბუციის და სხვა ცნობები
გამოცემის, წარმოების, დისტრიბუციის... ადგილი თბილისი :
გამოცემის, წარმოების, დისტრიბუციის... სახელწოდება განათლება,
გამოცემის, წარმოების, დისტრიბუციის... თარიღი 1974.
300 ## - ფიზიკური აღწერა
Extent 305 გვ . ;
Other physical details ილ.
Dimensions 26 სმ.
504 ## - BIBLIOGRAPHY, ETC. NOTE
Bibliography, etc ბიბლიოგრაფია: გვ. 305.
653 ## - INDEX TERM--UNCONTROLLED
Uncontrolled term საინჟინრო გეოდეზია
653 ## - INDEX TERM--UNCONTROLLED
Uncontrolled term გეოდეზია
700 ## - ADDED ENTRY--PERSONAL NAME
Personal name ლაბარტყავა, პ
Relator term რედაქტორი
9 (RLIN) 523
942 ## - ADDED ENTRY ELEMENTS (KOHA)
Koha item type წიგნი
Source of classification or shelving scheme
ეგზემპლარები
ჩამოწერის სტატუსი დაკარგული ეგზემპლარის სტატუსი კლასიფიკაციის წყარო ან თაროზე გაწყობის სქემა დაზიანების სტატუსი არ გაიცემა მუდმივი მდებარეობა (დაცვის ადგილი) ამჟამინდელი ადგილსამყოფელი თაროზე განთავსების ადგილი შეძენის თარიღი ღირებულება, შესყიდვის ნორმალური ფასი სრული შენახვის შიფრი შტრიხკოდი ბოლო ოპერაციის თარიღი ეგზემპლარის მიმდევრობითი ნომერი (კეტერი?) ფასის ძალაში შესვლის თარიღი ეგზემპლარის სახეობა საჯარო შენიშვნა
          ტექნოლოგიური ფაკულტეტის ბიბლიოთეკა ტექნოლოგიური ფაკულტეტის ბიბლიოთეკა წიგნსაცავი 2018-12-17 3.00 528.48(075.8):622.1 თ–40 8802 2018-12-17 8802 2018-12-17 წიგნი 3 ლ. 48 თ.
          ტექნოლოგიური ფაკულტეტის ბიბლიოთეკა ტექნოლოგიური ფაკულტეტის ბიბლიოთეკა წიგნსაცავი 2018-12-17 3.00 528.48(075.8):622.1 თ–40 8803 2018-12-17 8803 2018-12-17 წიგნი 3 ლ. 48 თ.
          ტექნოლოგიური ფაკულტეტის ბიბლიოთეკა ტექნოლოგიური ფაკულტეტის ბიბლიოთეკა წიგნსაცავი 2018-12-17 3.00 528.48(075.8):622.1 თ–40 8804 2018-12-17 8804 2018-12-17 წიგნი 3 ლ. 48 თ.